Movies by Quote - Statistics

General Stats
  • This quiz has been taken 775 times
  • The average score is 11 of 15
Answer Stats
Hint Answer % Correct
"E.T. phone home." E.T. the Extra Terrestrial
97%
"May the Force be with you." Star Wars
94%
"My precious." The Lord of the Rings The Two Towers
83%
"I'll be back." The Termintaor
83%
"I'm the king of the world!" Titanic
83%
"Toto, I've got a feeling we're not in Kansas anymore." The Wizard of Oz
81%
"Houston, we have a problem." Apollo 13
78%
"Elementary, my dear Watson." The Adventures of Sherlock Holmes
76%
"Say 'hello' to my little friend!" Scarface
73%
"Yo, Adrian!" Rocky
72%
"You talkin' to me?" Taxi Driver
66%
"Oh, no. It wasn't the airplanes. It was the Beauty that killed the Beast." King Kong
59%
"I love the smell of napalm in the morning." Apocalypse Now
55%
"Bond. James Bond." Dr. No
48%
"Keep your friends close, but your enemies closer." The Godfather Part Two
46%
No matching quizzes found
Score Distribution
Percent of People with Each Score
Percentile by Number Answered
Your Score History
You have not taken this quiz